Contract insurance (Record no. 7032)

MARC details
000 -LEADER
fixed length control field 01107cab a2200217 4500
001 - CONTROL NUMBER
control field ABS38508
008 - FIXED-LENGTH DATA ELEMENTS--GENERAL INFORMATION
fixed length control field 090401t1987 xxu||||| |||| 00| 0 eng d
035 ## - SYSTEM CONTROL NUMBER
System control number (Sirsi) u11034
041 ## - LANGUAGE CODE
Language code of text/sound track or separate title eng
100 ## - MAIN ENTRY--PERSONAL NAME
Personal name McDougall, K.A.
245 ## - TITLE STATEMENT
Title Contract insurance
260 ## - PUBLICATION, DISTRIBUTION, ETC.
Date of publication, distribution, etc. 1987
350 ## - PRICE (NR) (BK AM CF MU VM SE) [OBSOLETE]
Price 0
490 ## - SERIES STATEMENT
Series statement Plumbing and Heating
Volume/sequential designation 9(12) December 1987, 232(1)
520 ## - SUMMARY, ETC.
Summary, etc. Highlights the changes to the JCT insurance clauses made in amendments issued in November 1986 for incorporation in the January 1987 revision to JCT 1980 . Changes include the addition of impact, subsidence, theft and vandalism to risks which must be insured against; the requirement that the employer must have two policies one for damage to existing structures and one for damage to the works and the concept that the employer and contractor will obtain the benefit of joint names policies for all risk insurance of the works for subcontractors.
650 ## - SUBJECT ADDED ENTRY--TOPICAL TERM
Topical term or geographic name entry element BUILT ENVIRONMENT-BUILDING CONTRACT FORMS
650 ## - SUBJECT ADDED ENTRY--TOPICAL TERM
Topical term or geographic name entry element STANDARDS FORMS
690 ## - LOCAL SUBJECT ADDED ENTRY--TOPICAL TERM (OCLC, RLIN)
Topical term or geographic name as entry element BUILT ENVIRONMENT-BUILDING CONTRACT FORMS
942 ## - ADDED ENTRY ELEMENTS (KOHA)
Suppress in OPAC 0
948 ## - LOCAL PROCESSING INFORMATION (OCLC); SERIES PART DESIGNATOR (RLIN)
c (OCLC) 04/03/1997
Holdings
Withdrawn status Lost status Source of classification or shelving scheme Damaged status Not for loan Home library Current library Shelving location Date acquired Total Checkouts Full call number Barcode Date last seen Copy number Price effective from Koha item type
    Dewey Decimal Classification     London London Journal article 14/09/1999   ABS38508 11034-1001 06/08/2019 1 06/08/2019 Journal article